<?xml version="1.0" encoding="UTF-8"?>
<record
    xmlns:xsi="http://www.w3.org/2001/XMLSchema-instance"
    xsi:schemaLocation="http://www.loc.gov/MARC21/slim http://www.loc.gov/standards/marcxml/schema/MARC21slim.xsd"
    xmlns="http://www.loc.gov/MARC21/slim">

  <leader>00785nam a22002177a 4500</leader>
  <controlfield tag="005">20150604162225.0</controlfield>
  <controlfield tag="008">140714b        xxu||||| |||| 00| 0 Urdu d</controlfield>
  <datafield tag="010" ind1=" " ind2=" ">
    <subfield code="a">UR-9004</subfield>
  </datafield>
  <datafield tag="020" ind1=" " ind2=" ">
    <subfield code="c">250.00.</subfield>
  </datafield>
  <datafield tag="035" ind1=" " ind2=" ">
    <subfield code="a">U-7559</subfield>
  </datafield>
  <datafield tag="037" ind1=" " ind2=" ">
    <subfield code="b">BPPD/Pub/Ven</subfield>
  </datafield>
  <datafield tag="040" ind1=" " ind2=" ">
    <subfield code="a">DPL</subfield>
    <subfield code="b">Urdu</subfield>
  </datafield>
  <datafield tag="082" ind1=" " ind2=" ">
    <subfield code="a">070</subfield>
  </datafield>
  <datafield tag="100" ind1=" " ind2=" ">
    <subfield code="a">&#x645;&#x631; &#x632; &#x627; &#x645;&#x631; &#x62A;&#x636;&#x6CC; &#x627; &#x642;&#x628;&#x627; &#x644;</subfield>
  </datafield>
  <datafield tag="245" ind1=" " ind2=" ">
    <subfield code="a">&#x62C;&#x646;&#x6AF; &#x622; &#x632; &#x627; &#x62F; &#x6CC; &#x6A9;&#x6D2; &#x645;&#x62C;&#x627; &#x6C1;&#x62F; &#x6A9;&#x648; &#x646;</subfield>
    <subfield code="c">&#x645;&#x631; &#x632; &#x627; &#x645;&#x631; &#x62A;&#x636;&#x6CC; &#x627; &#x642;&#x628;&#x627; &#x644;</subfield>
  </datafield>
  <datafield tag="246" ind1=" " ind2="h">
    <subfield code="a">Jung-e-Aazadi ke Mujahid Koun</subfield>
    <subfield code="b">by Mirza Murtaza Iqbal</subfield>
  </datafield>
  <datafield tag="260" ind1=" " ind2=" ">
    <subfield code="b">M.Y.Shiksha ,Samaj Kalyan,Gramin Vikas ourTarsakrat SamajKalyan Samiti</subfield>
    <subfield code="c">2013</subfield>
    <subfield code="a">Muradabad</subfield>
  </datafield>
  <datafield tag="270" ind1=" " ind2=" ">
    <subfield code="a">Khawaja Nagri,Dhemri,Samhal Road,</subfield>
    <subfield code="b">Muradabad </subfield>
    <subfield code="k"> -</subfield>
    <subfield code="e">244001</subfield>
  </datafield>
  <datafield tag="300" ind1=" " ind2=" ">
    <subfield code="a">256+192-&#x635;</subfield>
    <subfield code="c">22Cm (Hb)</subfield>
  </datafield>
  <datafield tag="942" ind1=" " ind2=" ">
    <subfield code="2">ddc</subfield>
    <subfield code="c">UR</subfield>
    <subfield code="e"> </subfield>
    <subfield code="h">070</subfield>
    <subfield code="m">&#x645; &#x631; &#x632;</subfield>
  </datafield>
  <datafield tag="999" ind1=" " ind2=" ">
    <subfield code="c">94093</subfield>
    <subfield code="d">94093</subfield>
  </datafield>
  <datafield tag="952" ind1=" " ind2=" ">
    <subfield code="0">0</subfield>
    <subfield code="1">0</subfield>
    <subfield code="2">ddc</subfield>
    <subfield code="4">0</subfield>
    <subfield code="7">1</subfield>
    <subfield code="8">NFIC</subfield>
    <subfield code="a">DBAD</subfield>
    <subfield code="b">DBAD</subfield>
    <subfield code="d">2015-06-04</subfield>
    <subfield code="e">DBAD/Pub.</subfield>
    <subfield code="g">250.00</subfield>
    <subfield code="l">0</subfield>
    <subfield code="o">070 &#x645; &#x631; &#x632;</subfield>
    <subfield code="p">U-7559</subfield>
    <subfield code="r">2015-06-04 00:00:00</subfield>
    <subfield code="t">1</subfield>
    <subfield code="v">250.00</subfield>
    <subfield code="w">2015-06-04</subfield>
    <subfield code="y">UR</subfield>
  </datafield>
</record>
